000 00494nam a2200181Ia 4500
008 230917s9999||||xx |||||||||||||| ||und||
020 _cRS1149
040 _e252605
_aMAIN
041 _aEnglish
082 _a005.74 G165D(2)
100 _aGarcia-Molina, Hector
245 0 _aDatabase system: The complete book
250 _a2nd ed.
260 _aNew Delhi
_bPearson India Education
_c2018
300 _a1139 p.
500 _a3373 24/12/2018 PBA18/838 31/12/2018 Main Budget
942 _cBK
999 _c29573
_d29573